000 00219nam a2200097Ia 4500
005 20251222144825.0
008 251222s9999||||xx |||||||||||||| ||spa||
082 _a843.8/R33
245 0 _aRecueil de Fabliaux
942 _cLIB
999 _c20646
_d20646